[Event "Yingmei Cup CHN-chT 2017"]
[Site "?"]
[Date "2017.11.02"]
[Round "16"]
[White "Andreikin, Dmitry"]
[Black "Xu, Xiangyu"]
[Result "1-0"]
[WhiteElo "2705"]
[BlackElo "2549"]
[Annotator "TA"]
[PlyCount "73"]
[EventDate "2017.??.??"]
[SourceTitle "Tianjin"]

1. Nf3 d5 2. g3 g6 3. Bg2 Bg7 4. d4 Nf6 5. O-O O-O 6. c3 Nc6 {LiveBook: 9
Partien. D02: Damenbauernspiele} (6... c6 7. Nbd2 Bf5 8. Nh4 Bg4 9. Qe1 Nbd7
10. h3 Be6 11. f4 c5 12. g4 Nb6 13. f5 Bd7 14. Ndf3 cxd4 15. cxd4 Ne4 16. Ne5 {
1/2-1/2 (36) Artemiev,V (2696)-Mamedyarov,S (2791) Sochi 2017}) 7. Na3 Re8 8.
Bf4 Nh5 {Die Stellung ist ausgeglichen.} 9. Be3 Nf6 10. Bf4 $146 ({Vorgänger:
} 10. c4 a5 11. Qc1 Nb4 12. cxd5 {1-0 (38) Van der Hoeven,J (2133)-Thorn
Leeson,J (2143) ICCF email 2008}) 10... Nh5 11. e3 h6 12. c4 Be6 13. Rc1 Rc8 (
13... Nxf4 $11 14. gxf4 Nb4) 14. Ne5 (14. Be5 $5) 14... Nb4 15. c5 (15. Qa4 $14
a5 16. cxd5 (16. Qxa5 c5 $14) 16... Nxd5 17. Nd3 (17. Qxa5 g5 $11)) 15... Nxa2
$11 16. Ra1 Nb4 17. Qa4 Bxe5 (17... a5 $5) 18. dxe5 Nd3 19. Qd4 Ndxf4 20. exf4
c6 {[#]} (20... Qd7 $142) 21. f5 $1 $36 {Weiss kämpft um Vorteil.} gxf5 (21...
Bxf5 22. g4) 22. Qh4 Ng7 23. Qxh6 b6 24. b4 a5 25. bxa5 bxa5 $2 (25... bxc5 $11
26. a6 Ra8) 26. Nc2 $18 f6 27. Nd4 Kf7 $2 {[#]} (27... Qd7 {war angesagt.} 28.
exf6 exf6 29. Rxa5 f4 30. Qxf6 Qd8 31. Qxd8 Rexd8) 28. Qxg7+ $1 Kxg7 29. Nxe6+
Kf7 30. Nxd8+ Rexd8 31. exf6 e5 32. Rxa5 e4 33. f3 e3 34. Ra3 d4 35. Rd3 f4 36.
Rfd1 Rd5 $2 (36... Ra8 {war nötig.} 37. Bf1 Ra4 38. gxf4 Rd5) 37. Rxd4 {
Precision: Weiß = 42%, Schwarz = 38%.} 1-0

[Event "Yingmei Cup CHN-chT 2017"]
[Site "?"]
[Date "2017.11.02"]
[Round "16"]
[White "Ni, Hua"]
[Black "Inarkiev, Ernesto"]
[Result "1/2-1/2"]
[WhiteElo "2674"]
[BlackElo "2693"]
[Annotator "TA"]
[PlyCount "53"]
[EventDate "2017.??.??"]
[SourceTitle "Tianjin"]

1. d4 Nf6 2. c4 e6 3. Nf3 b6 4. g3 Bb7 5. Bg2 Be7 6. O-O O-O 7. Nc3 Ne4 8. Bd2
c5 9. d5 {E18: Queen's Indian: Old Main Line (4 g3 Bb7 5 Bg2 Be7 6 0-0 0-0 7
Nc3)} exd5 10. Nxd5 Bxd5 11. cxd5 Nxd2 {LiveBook: 4 Games} 12. Qxd2 {d6 is the
strong threat.The position is equal.} d6 $146 ({Predecessor:} 12... Bf6 13. d6
Nc6 14. h4 Rc8 15. Ng5 g6 16. f4 Bg7 {1/2-1/2 (57) Geller,E (2550)-Popov,N 
(2435) Moscow 1979}) 13. b4 Bf6 14. Rab1 Nd7 15. b5 a6 16. Qc2 axb5 17. Rxb5
Ra6 18. Bh3 Ne5 19. Nxe5 Bxe5 20. Bf5 Qa8 21. Bxh7+ Kh8 22. Bd3 Rxa2 23. Qc4 {
[#] Threatening mate with Qh4+.} Ra4 24. Qb3 Ra3 25. Qc4 {Intending Qh4+ and
mate.} Ra4 26. Qb3 Ra3 27. Qc4 {Precision: White = 83%, Black = 81%.} 1/2-1/2

[Event "Yingmei Cup CHN-chT 2017"]
[Site "?"]
[Date "2017.11.02"]
[Round "16"]
[White "Ma, Qun"]
[Black "Bu, Xiangzhi"]
[Result "1/2-1/2"]
[WhiteElo "2636"]
[BlackElo "2730"]
[Annotator "TA"]
[PlyCount "61"]
[EventDate "2017.??.??"]
[SourceTitle "Tianjin"]

1. d4 Nf6 2. c4 e6 3. Nc3 Bb4 4. Qc2 d5 5. a3 Bxc3+ 6. Qxc3 O-O 7. Nf3 {
The position is equal.} b6 {[%emt 0:00:05] E36: Nimzo-Indian: Classical: 4...d
5 a3} (7... dxc4 8. Qxc4 b6 9. h4 Bb7 10. Bg5 Qd5 11. Rc1 Nbd7 12. Qxd5 Bxd5
13. Ne5 c5 14. Bxf6 Nxf6 15. dxc5 bxc5 16. f3 Rab8 {0-1 (36) Kasparov,G (2812)
-Aronian,L (2799) Saint Louis 2017}) 8. Bg5 dxc4 9. Qxc4 Ba6 10. Qa4 Qd7 11.
Qxd7 Nbxd7 12. Bxf6 gxf6 13. e3 Bb7 14. Rc1 Rac8 15. Bb5 c6 16. Be2 c5 17. O-O
Rfd8 18. Rfd1 f5 $146 ({Predecessor:} 18... Kf8 19. Kf1 Ke7 20. dxc5 Rxc5 21.
Nd4 {1/2-1/2 (21) Riess,A (2180)-Ewert,H (2147) Willingen 2017}) 19. Kf1 Bxf3
20. gxf3 cxd4 21. Rxc8 Rxc8 22. Rxd4 $11 {Endgame KRB-KRN} Ne5 23. Ke1 Rc2 24.
f4 Ng4 25. h3 Nf6 26. Rd2 Rc1+ 27. Rd1 Rc2 28. Rd2 Rc1+ 29. Rd1 Rc2 30. Rd2
Rc1+ 31. Rd1 {Precision: White = 80%, Black = 60%.} 1/2-1/2

[Event "Yingmei Cup CHN-chT 2017"]
[Site "?"]
[Date "2017.11.02"]
[Round "16"]
[White "Zhou, Weiqi"]
[Black "Liu, Guanchu"]
[Result "1/2-1/2"]
[WhiteElo "2614"]
[BlackElo "2458"]
[Annotator "TA"]
[PlyCount "60"]
[EventDate "2017.??.??"]
[SourceTitle "Tianjin"]

1. Nf3 Nf6 2. g3 b5 3. e3 a6 4. a4 (4. Bg2 Bb7 5. O-O g6 6. b3 Bg7 7. Bb2 O-O
8. d4 d6 9. Nbd2 Nbd7 10. Qe2 c5 {1/2-1/2 (86) Caruana,F (2827)-Carlsen,M 
(2840) chess.com INT 2017}) 4... b4 5. Bg2 $146 ({Vorgänger:} 5. d4 e6 6. c4
Bb7 7. Bg2 Be7 8. Nbd2 O-O 9. Qc2 c5 10. O-O d6 {1/2-1/2 (64) Aabling Thomsen,
J (2380) -Stojanovski,S (2292) Denmark 2016}) 5... Bb7 6. O-O {A05:
Übergänge in verschiedene Eröffnungen} e6 7. d4 d5 8. a5 {Weiß hat
minimalen Vorteil.} Nbd7 9. c3 bxc3 10. bxc3 Bd6 11. Nbd2 c5 12. Ba3 O-O 13. c4
Qe7 14. cxd5 cxd4 15. Bxd6 Qxd6 16. dxe6 dxe3 17. exd7 (17. exf7+ {looks
sharper.} Rxf7 18. fxe3 Qc5 19. Qb3 Bd5 20. Qa3) 17... exd2 18. Qxd2 Qxd2 19.
Nxd2 Bxg2 20. Kxg2 Nxd7 21. Rfc1 Rfc8 22. Ne4 Ne5 {Die Stellung ist
ausgeglichen.} 23. Rxc8+ Rxc8 $11 {Endspiel KTS-KTS} 24. Rd1 f6 25. Rd5 Rc2 26.
Rd6 Rc6 27. Rxc6 Nxc6 28. Nc5 Nxa5 29. Nxa6 Nc4 30. Nc5 Kf7 {Precision: Weiß
= 61%, Schwarz = 68%.} 1/2-1/2

[Event "Yingmei Cup CHN-chT 2017"]
[Site "?"]
[Date "2017.11.02"]
[Round "16"]
[White "Zhou, Jianchao"]
[Black "Wan, Yunguo"]
[Result "1-0"]
[WhiteElo "2592"]
[BlackElo "2491"]
[Annotator "TA"]
[PlyCount "101"]
[EventDate "2017.??.??"]
[SourceTitle "Tianjin"]

1. Nf3 Nf6 2. c4 c5 3. Nc3 Nc6 4. g3 g6 5. Bg2 Bg7 6. d4 cxd4 7. Nxd4 O-O 8.
O-O Qa5 9. e3 d6 {[%emt 0:00:07] A39: Symmetrical English vs ...g6:4 Bg2 Bg 5
Nf3 Nf6 6 0-0 0-0 7 d4} 10. Bd2 Bd7 11. b3 Rac8 {White is slightly better.} 12.
Rc1 a6 $146 ({Predecessor:} 12... Qb6 13. Qe2 Rfe8 14. Rfd1 a6 15. Nxc6 Bxc6
16. e4 Qa7 17. Be3 {1/2-1/2 (71) Caruana,F (2796)-Priyadharshan,K (2462) Las
Vegas 2015}) 13. a4 Qb6 14. Nde2 Bg4 15. h3 Bxe2 16. Nxe2 Rfd8 17. Nf4 e6 18.
h4 d5 19. cxd5 Nxd5 20. Nxd5 exd5 21. b4 d4 22. a5 Qb5 23. Rc5 $36 {White has
good play.} Qd3 24. Qc2 Qxc2 25. Rxc2 Bf8 26. Rfc1 ({Better is} 26. b5 $16 dxe3
27. Bxe3 Nxa5 28. Ra2) 26... Rb8 (26... dxe3 $14 27. Bxe3 Bxb4) 27. Bxc6 $16
bxc6 28. Rxc6 Bxb4 29. Bxb4 Rxb4 30. exd4 ({But not} 30. Rxa6 $6 dxe3 31. Re1 (
31. fxe3 Rb2 $11) 31... exf2+ 32. Kxf2 Ra4 $11) 30... Rbxd4 31. Rxa6 Rd1+ (
31... Ra4 $16) 32. Rxd1 $18 Rxd1+ {Endgame KR-KR} 33. Kg2 Ra1 34. Kf3 Ra2 35.
Ra7 Kg7 36. a6 h5 37. Ke3 Kf6 38. f3 Ra3+ 39. Ke4 Ke6 40. Ra8 Kf6 41. Ra7 Ke6
42. Kf4 $1 Kf6 43. g4 $2 (43. Ra8 $18) 43... Ra4+ 44. Kg3 {Threatens to win
with Ra8.} hxg4 45. fxg4 {aiming for Ra8.} Ke6 $2 (45... Ra3+ $11 46. Kf2 Ra2+
47. Ke3 Ra4) 46. Ra8 Kf6 47. Ra7 Ke6 $1 48. g5 Ra3+ {[#]} 49. Kf2 $1 f6 $2 {[#]
} (49... Ke5 50. Ra8 (50. Rxf7 Rxa6 51. Kg3 Ra4 $14) 50... Kd6) 50. Ra8 $2 (50.
h5 $1) 50... fxg5 $2 (50... Ra2+ 51. Ke1 Ra1+ 52. Ke2 Ra2+ 53. Ke3 Ra3+ 54. Kd2
Ra2+ 55. Ke3 Ra3+ 56. Kf4 Ra4+ 57. Kf3 Ra3+ 58. Kg2 Ra2+ 59. Kf1 Ra1+ 60. Kg2
Ra2+ 61. Kf3 Ra3+ 62. Kf2 Ra2+ 63. Ke3) 51. a7 {Precision: White = 68%, Black
= 43%.} 1-0

[Event "Yingmei Cup CHN-chT 2017"]
[Site "?"]
[Date "2017.11.02"]
[Round "16"]
[White "Gao, Rui"]
[Black "Zhao, Jun"]
[Result "1/2-1/2"]
[WhiteElo "2545"]
[BlackElo "2601"]
[Annotator "TA"]
[PlyCount "58"]
[EventDate "2017.??.??"]
[SourceTitle "Tianjin"]

1. e4 e5 2. Nf3 Nc6 3. Bb5 Nf6 4. O-O Nxe4 5. d4 Nd6 6. Bxc6 dxc6 7. dxe5 Nf5
8. Qxd8+ Kxd8 9. h3 h6 10. Rd1+ Ke8 11. Nc3 Ne7 12. Bf4 {C67: Ruy Lopez:
Berlin Defence: 4 0-0 Nxe4} Ng6 13. Bh2 Be7 {[#] LiveBook: 3 Games} 14. a3 $146
{White is slightly better.} ({Predecessor:} 14. Nd4 Nf8 15. Rd3 h5 16. Re1 Ne6
17. Nce2 c5 18. Nf5 h4 19. c4 b6 {1/2-1/2 (40) Caruana,F (2803)-Dominguez
Perez,L (2734) Khanty-Mansiysk 2015}) 14... Bd7 15. e6 (15. Nd4 $14) 15... Bxe6
$11 {The position is equal.} 16. Bxc7 f5 17. Nd4 Bc8 18. Nb3 Kf7 19. Na5 Re8
20. Re1 Bf6 21. Nc4 Rxe1+ 22. Rxe1 {[#] Nd6+ is the strong threat.} Be7 23. Na5
Nf8 24. Rd1 Ne6 25. Be5 Nd8 26. Bc7 Ne6 27. Be5 Nd8 28. Bc7 Ne6 29. Be5 Nd8 {
Precision: White = 36%, Black = 56%.} 1/2-1/2

[Event "Yingmei Cup CHN-chT 2017"]
[Site "?"]
[Date "2017.11.02"]
[Round "16"]
[White "Liu, Qingnan"]
[Black "Lan, Zilun"]
[Result "1-0"]
[WhiteElo "2512"]
[BlackElo "2361"]
[Annotator "TA"]
[PlyCount "95"]
[EventDate "2017.??.??"]
[SourceTitle "Tianjin"]

1. e4 c6 2. d4 d5 3. e5 Bf5 4. h4 h5 5. Bd3 Bxd3 6. Qxd3 e6 7. Bg5 {B12:
Caro-Kann: Advance Variation} Be7 8. Nf3 Nd7 (8... Nh6 9. c4 dxc4 10. Qxc4 Nd7
11. Nc3 Nb6 12. Qb3 Nf5 13. Rd1 Rb8 14. Bxe7 Qxe7 {1/2-1/2 (35) Cheparinov,I 
(2703)-Solak,D (2624) Kocaeli 2017}) 9. Nc3 Nh6 10. Ne2 Nf5 {LiveBook: 3 Games}
11. O-O-O c5 $146 ({Predecessor:} 11... Qa5 12. Bxe7 Kxe7 13. Kb1 b5 14. Nd2 c5
15. Nb3 {0-1 (47) Lochte,T (2227)-Stephan,E (2142) Fuerth 1999}) 12. c4 {
[#] Black must now prevent cxd5.} dxc4 13. Qxc4 cxd4 {Strongly threatening ...
Rc8.} 14. Kb1 Nb6 15. Qb5+ Qd7 $1 16. Nfxd4 Nxd4 17. Nxd4 Qxb5 18. Nxb5 Nd5 19.
Rc1 f6 20. exf6 gxf6 21. Be3 Kf7 22. Bxa7 (22. Nc7 $1 $14) 22... Rhg8 23. g3 b6
24. Rc4 Bc5 25. Rxc5 bxc5 26. Bxc5 Rgb8 27. Nd6+ Kg6 {With the idea ...Nc3+.}
28. Rc1 Ra6 29. a3 Nb6 {White should prevent ...Na4.} 30. Nc4 $1 Nxc4 31. Rxc4
$14 {Endgame KRR-KRB} e5 32. Ka2 Rd8 33. a4 Kf5 34. Be3 Ke6 35. Ka3 Kd5 (35...
f5 $16 {is a better defense.}) 36. Rc3 (36. Rc5+ $18 Ke4 37. a5) 36... Rda8 $16
37. b3 Rc6 $2 (37... f5 $16) 38. Rxc6 $18 Kxc6 {[#] KR-KB} 39. b4 $1 f5 40. b5+
Kb7 41. Kb4 Rd8 42. a5 Rd5 43. a6+ Kb8 44. b6 Ka8 45. Bc5 {White mates.} f4 46.
gxf4 exf4 47. Kb5 f3 48. Kc6 {Precision: White = 76%, Black = 31%.} 1-0

[Event "Yingmei Cup CHN-chT 2017"]
[Site "?"]
[Date "2017.11.02"]
[Round "16"]
[White "Stefanova, Antoaneta"]
[Black "Hong, Xing"]
[Result "1-0"]
[WhiteElo "2506"]
[BlackElo "2023"]
[Annotator "TA"]
[PlyCount "67"]
[EventDate "2017.??.??"]
[SourceTitle "Tianjin"]

1. Nf3 c5 2. g3 Nc6 3. Bg2 e5 4. e4 Nf6 5. O-O d6 6. d3 {B30: Sicilian: 2...
Nc6 3 Bb5, lines without ...g6} g6 7. h3 (7. a3 Bg7 8. c3 O-O 9. b4 a6 10. Nbd2
b5 11. Rb1 Nd7 12. Nb3 cxb4 13. axb4 {1-0 (42) Carlsen,M (2822)-Karjakin,S 
(2773) Saint Louis 2017}) 7... Bg7 8. Be3 {The position is equal.} O-O 9. Nc3
Nd4 $146 ({Predecessor:} 9... b6 10. Nd2 Nh5 11. a4 Nd4 12. Nd5 Be6 13. Nc4
Bxd5 14. exd5 Nf5 15. Bd2 Ne7 16. b4 f5 {1-0 (39) Eckhardt,T-Winand,E Giessen
1996}) 10. Kh2 Rb8 11. Ng1 b5 12. Qc1 b4 13. Nd1 d5 14. c3 bxc3 15. bxc3 Ba6 ({
Black should try} 15... Ne6 $17 {aiming for ...Ba6.} 16. exd5 Nxd5) 16. cxd4
$11 cxd4 17. Qa3 Rb6 (17... Qb6 $11 {remains equal.}) 18. Bg5 $16 Ng4+ 19. hxg4
Qxg5 20. exd5 f5 21. gxf5 gxf5 {intending ...f4.} 22. d6 e4 (22... Qh6+ $16 23.
Nh3 Rxd6) 23. Nh3 $18 ({Resist} 23. dxe4 $6 Bxf1 24. Bxf1 d3 $14) 23... Qh6 24.
d7 Rd6 25. Nb2 Rxd7 26. f4 $2 ({Don't take} 26. dxe4 $6 d3 $18) (26. Rac1 $18)
26... e3 (26... Rc7 $16) 27. Rfe1 Rb8 28. Rac1 {[#] Rc6 is the strong threat.}
Rb6 $2 (28... Qd6 {is a better defense.} 29. Qxd6 Rxd6) 29. Nc4 Rg6 (29... Bf8
$142 30. Qa5 Bxc4) 30. Qb3 {White is clearly winning.} Kh8 31. Qb8+ Bf8 32. Ne5
Rb6 33. Qe8 Re7 34. Qxe7 {Precision: White = 52%, Black = 31%.} 1-0

[Event "Yingmei Cup CHN-chT 2017"]
[Site "?"]
[Date "2017.11.02"]
[Round "16"]
[White "Fang, Yuxiang"]
[Black "Wang, Yue"]
[Result "0-1"]
[WhiteElo "2503"]
[BlackElo "2689"]
[Annotator "TA"]
[PlyCount "78"]
[EventDate "2017.??.??"]
[SourceTitle "Tianjin"]

1. d4 Nf6 2. c4 e6 3. Nf3 d5 4. Nc3 Bb4 5. Bg5 dxc4 6. a3 Bxc3+ 7. bxc3 c5 {
D39: Queen's Gambit Declined: Ragozin Defence with 5 Bg5 dxc4} 8. e3 Qa5 (8...
cxd4 9. Bxf6 {1/2-1/2 (9) Ding,L (2777)-So,W (2810) Tbilisi 2017}) 9. Bxf6 gxf6
{LiveBook: 3 Games. The position is equal.} 10. Bxc4 cxd4 11. Qxd4 e5 $146 ({
Predecessor:} 11... Ke7 12. e4 Nc6 13. Qe3 Ne5 14. Nxe5 Qxe5 15. O-O {1-0 (27)
Komarov,D (2533)-Colin,V (2399) France 2007}) 12. Qd2 Nc6 ({Better is} 12...
Be6 $11 13. Bxe6 fxe6) 13. Bd5 (13. O-O $14) 13... Be6 $11 14. c4 {[#]
Threatens to win with Bxc6+.} O-O-O 15. e4 Rhg8 16. Qxa5 Nxa5 17. O-O Rd7 18.
Rac1 $1 Rc7 19. c5 (19. g3 $11) 19... Bxd5 20. exd5 Nb3 21. Rc3 $1 Nxc5 {
And now ...Rd8 would win.} 22. Rfc1 b6 23. Nd2 f5 24. Nc4 Rd8 25. d6 Rc6 {
White should prevent ...f6.} 26. Rf3 f6 27. Rxf5 Kb8 {[#] aiming for ...Ne4.}
28. Rd1 ({Don't go for} 28. Rxf6 $2 Ne4 $19) 28... Ne4 $36 {Black is in
control.} 29. Ne3 Nc3 30. Rd2 Rcxd6 31. Rxd6 Rxd6 $17 {Endgame KRN-KRN} 32. Rh5
Rd7 33. Rf5 (33. g3 $17) 33... Nb5 34. a4 Nc3 35. Rxf6 Nxa4 36. g4 b5 37. g5 b4
38. Ra6 $2 (38. Nc4 {keeps fighting.}) 38... b3 $19 39. Nc4 b2 {Precision:
White = 35%, Black = 76%.} 0-1

[Event "Yingmei Cup CHN-chT 2017"]
[Site "?"]
[Date "2017.11.02"]
[Round "16"]
[White "Wang, Chen"]
[Black "Moiseenko, Alexander"]
[Result "1/2-1/2"]
[WhiteElo "2493"]
[BlackElo "2674"]
[Annotator "TA"]
[PlyCount "49"]
[EventDate "2017.??.??"]
[SourceTitle "Tianjin"]

1. e4 c5 2. Nf3 Nc6 3. Bb5 g6 4. O-O Bg7 5. Bxc6 bxc6 6. Re1 Nh6 7. c3 O-O 8.
h3 {B31: Sicilian: 2...Nc6 3 Bb5 g6} f5 9. e5 Nf7 10. d3 d6 11. e6 $146 (11.
Bf4 $14) ({Predecessor:} 11. Bf4 Ba6 12. Nbd2 Qb8 13. exd6 exd6 14. Qc2 Qd8 15.
h4 Qd7 {1/2-1/2 (41) Grischuk,A (2761)-Radjabov,T (2724) Geneve 2017}) 11...
Ne5 $15 12. Nxe5 dxe5 13. Na3 Qd5 14. Qe2 {[#]} f4 ({Much weaker is} 14... Bxe6
$6 {[#]} 15. Bf4 $1 $11) (14... Ba6 $1 $17 15. c4 Qxe6) 15. f3 $11 Bxe6 {
Hoping for ...Bf5.} 16. Nc4 Rf5 17. Nd2 {The position is equal.} Rd8 18. Ne4
Rf7 19. b3 Qxd3 20. Qxd3 Rxd3 21. Nxc5 Rd6 22. Ne4 Rd3 23. Nc5 Rd6 24. Ne4 Rd3
25. Nc5 {Precision: White = 48%, Black = 64%.} 1/2-1/2

[Event "Yingmei Cup CHN-chT 2017"]
[Site "?"]
[Date "2017.11.02"]
[Round "16"]
[White "Ma, Zhonghan"]
[Black "Malakhov, Vladimir"]
[Result "1/2-1/2"]
[WhiteElo "2473"]
[BlackElo "2691"]
[Annotator "TA"]
[PlyCount "166"]
[EventDate "2017.??.??"]
[SourceTitle "Tianjin"]

1. d4 g6 2. Nf3 Bg7 3. e4 d6 4. Be2 Nf6 5. Nc3 O-O 6. O-O a6 7. a4 Nc6 8. h3 e5
9. dxe5 {B08: Pirc-Ufimzew-Verteidigung} dxe5 10. Qxd8 Rxd8 {LiveBook: 3
Partien} 11. Bc4 {Die Stellung ist ausgeglichen.} h6 12. Be3 b6 13. Nd5 {[#]}
Ne8 $146 ({Vorgänger:} 13... Nxd5 14. Bxd5 Bb7 15. a5 {1/2-1/2 (15) Oratovsky,
M (2490)-Berkes,F (2664) Benasque 2015}) 14. b4 Bb7 15. Rfd1 a5 (15... Nd4 $11)
16. b5 $36 {Weiss bestimmt, wo es lang geht.} Nb4 ({Besser ist} 16... Nd4) 17.
Nxc7 $1 $16 Nxc7 18. Bxb6 Rxd1+ 19. Rxd1 Ne6 20. c3 $1 Nc2 21. Rd7 Bc8 22. Rd2
Rb8 23. Bxa5 Ra8 (23... Na3 {ist wohl besser.} 24. Bd5 Nxb5) 24. Bb6 $2 ({
Lieber nicht} 24. Rxc2 Rxa5 25. Bxe6 Bxe6 $15) (24. Bxe6 $1 $18 {ist der
präzise Gewinnweg.} fxe6 25. Bc7 (25. Rxc2 Rxa5 26. Ra2 Kf7 $16)) 24... Na3
25. Bb3 Nb1 26. Rc2 Bb7 27. Bd5 (27. Nd2 $1 $16) 27... Bxd5 $11 28. exd5 Nf8 (
28... Nf4 $11 {bleibt in der Remisbreite.} 29. Bc7 Nxd5) 29. Bc7 $1 $16 {
b6 ist eine echte Drohung.} Nd7 30. Rc1 (30. b6 $1 $16) 30... Nxc3 (30... Na3
$11) 31. Rxc3 e4 (31... Rxa4 $16 32. Bd6 e4 33. Rc8+ Kh7) 32. Rc4 $18 exf3 33.
b6 $1 Ra5 34. b7 Rxd5 35. a5 Rd1+ 36. Kh2 Bd4 37. Bg3 $1 ({Keinesfalls} 37.
gxf3 Bxf2 38. Kg2 Rd2 $14) 37... Kh7 (37... fxg2 $142 38. Kxg2 Ba7) 38. Rc8 h5
$2 (38... fxg2 39. Kxg2 g5) 39. Rd8 Ba7 40. gxf3 g5 (40... Rd2 $142 41. b8=Q
Bxb8) 41. b8=Q Bxb8 42. Bxb8 {Endspiel KTL-KTS} Rb1 43. Bc7 ({Schwächer ist} 
43. Rxd7 Rxb8 44. Rxf7+ Kg6 $18) (43. a6 $142 Nc5 44. a7) 43... Nc5 44. Bb6 Ne6
{Und weiter mit ...Txb6 wäre nett.} 45. Rb8 Ra1 46. Ra8 $1 {Droht stark a6.}
Rb1 47. Be3 Ra1 48. Ra7 Kg6 (48... Kg7 $16 49. a6 Ra4) 49. a6 {Und Lb6 würde
nun gewinnen.} Ra4 50. Bb6 Nf4 {[#]} 51. Bd8 (51. Ra8 $1 $16 Nd5 52. Bc5) 51...
Ne6 $11 52. Bb6 $2 (52. Be7 $11) 52... Nf4 $1 $16 {[#]} 53. Bc7 $2 (53. Ra8 $1
$16 Nd5 54. Bc5) 53... Ne6 $11 54. Bd6 Nd4 55. Ra8 {Droht a7 und aus.} Nb5 $2 (
55... Nxf3+ $11 56. Kg3 g4) 56. Bc5 $16 Nc7 57. Rg8+ Kh7 58. Rxg5 {zielt auf
a7 ab.} Nxa6 (58... f6 $16 59. Rxh5+ Kg6) 59. Be3 Nc7 60. Rxh5+ Kg6 61. Rg5+
Kh7 62. Rg4 Ra2 63. Rh4+ Kg6 64. Rh6+ Kg7 65. Rc6 Ne6 66. Kg3 Kg6 67. Rb6 Ra1
68. f4 Rg1+ 69. Kf3 Ra1 70. Rb5 {Schwarz muss nun f5+ beachten.} f5 71. Rb8 Ra6
72. Kg3 Rc6 73. Kh4 Ra6 74. Rg8+ Kh7 75. Rc8 Kg6 76. Bd2 Rb6 77. Rg8+ Kh7 78.
Ra8 Kg6 79. Bc3 (79. Be3 $18 Rb1 80. Kg3) 79... Nxf4 $14 {Weiß steht etwas
besser.} 80. Rg8+ Kh7 81. Rh8+ Kg6 82. Bd2 Ne6 83. Rh6+ Kf7 {Precision: Weiß
= 57%, Schwarz = 60%.} 1/2-1/2

[Event "Yingmei Cup CHN-chT 2017"]
[Site "?"]
[Date "2017.11.02"]
[Round "16"]
[White "Shen, Yang"]
[Black "Wang, Jue"]
[Result "0-1"]
[WhiteElo "2473"]
[BlackElo "2352"]
[Annotator "TA"]
[PlyCount "78"]
[EventDate "2017.??.??"]
[SourceTitle "Tianjin"]

1. d4 d5 2. Bf4 Nf6 3. e3 Bf5 4. c4 e6 5. Nc3 Bb4 6. Qb3 {D00:1 d4 d5: Unusual
lines} (6. a3 Bxc3+ 7. bxc3 O-O 8. Bg5 c5 9. Bxf6 Qxf6 10. cxd5 exd5 11. Bd3
Nc6 12. Ne2 Rac8 {1-0 (40) Berkes,F (2654)-Harutyunian,T (2523) Minsk 2017})
6... Nc6 7. Nf3 a5 8. Qa4 {The position is equal.} O-O (8... Ne4 $5 9. Rc1 O-O
$11) 9. a3 $146 ({Predecessor:} 9. h3 Qd7 10. Qd1 Ne4 11. Qc1 a4 12. a3 Bxc3+
13. bxc3 Na5 14. Qb2 f6 {0-1 (14) Jensen,K (2223)-Chekmasov,S (2357) ICCF
email 2011}) 9... Bxc3+ 10. bxc3 Ne4 $36 {Black is pushing.} 11. cxd5 exd5 ({
Better is} 11... Nxc3 $15 12. Qb3 Nxd5 13. Qxb7 Qd7) 12. c4 Ne7 13. Rc1 dxc4
14. Bxc4 {Threatens to win with Bxc7!} Nd5 15. Bg3 {[#]} (15. Ne5 $11) 15... c6
$1 $17 16. Qd1 Nb6 (16... Ndc3 $17 17. Qb3 b5) 17. Bd3 $11 Qe7 18. Ra1 (18. Nh4
$14 Nxg3 19. hxg3 Bxd3 20. Qxd3) 18... a4 ({Black should play} 18... Nc3 $15
19. Qd2 Bxd3) 19. Nh4 Nxg3 20. Nxf5 Nxf5 21. Bxf5 g6 22. Bd3 c5 23. dxc5 Qxc5
24. O-O Nd5 25. Qb1 Rfd8 26. Rc1 {[#]} (26. Qxb7 $11 Rab8 27. Qa6) 26... Nc3 $1
$17 {Hoping for ... Rac8.} 27. Qc2 Rac8 {aiming for ...Ne2+!} 28. h3 (28. Bf1
$17 {is a better defense.}) 28... Rd6 29. Bf1 Rb6 30. Qd2 Rb3 31. Qd7 Rc7 32.
Qd8+ Kg7 33. Rc2 Rc6 34. Rd1 $2 (34. g3 $17) 34... Qf5 $2 ({Not} 34... Rxa3 35.
Qb8 $15) (34... Qxa3 $19 35. Qd4+ Kg8) 35. Rd3 $2 {[#]} (35. Qd4+ $17 Qf6 36.
Qxf6+ Kxf6 37. Ra1) 35... Ne2+ $1 $19 {Black is clearly winning.} 36. Rxe2 Rxd3
37. Qe7 Rd1 38. f4 Rcc1 39. Rf2 Qb5 {Precision: White = 28%, Black = 47%.} 0-1

[Event "Yingmei Cup CHN-chT 2017"]
[Site "?"]
[Date "2017.11.02"]
[Round "16"]
[White "Wang, Yiye"]
[Black "Yu, Ruiyuan"]
[Result "1/2-1/2"]
[WhiteElo "2439"]
[BlackElo "2502"]
[Annotator "TA"]
[PlyCount "115"]
[EventDate "2017.??.??"]
[SourceTitle "Tianjin"]

1. Nf3 d5 2. e3 c6 3. b3 Nf6 4. Bb2 g6 5. c4 Bg7 6. Nc3 O-O 7. Be2 b6 {A11:
English Opening: 1...c6} 8. O-O Bb7 9. Qc2 (9. d4 Nbd7 10. Rc1 Rc8 11. b4 c5
12. dxc5 bxc5 13. bxc5 Nxc5 14. cxd5 Nxd5 15. Nd4 e6 16. Nxd5 Bxd5 17. Rc2 Ne4
{1-0 (88) Smirin,I (2657)-Gupta,A (2643) New Delhi 2012}) 9... c5 $146 ({
Predecessor:} 9... Nbd7 10. cxd5 cxd5 11. d4 Rc8 12. Rfc1 a6 13. a4 Ne4 14. Qd1
Nxc3 15. Rxc3 Rxc3 16. Bxc3 {1-0 (56) Glavina,P (2397)-Cifuentes Parada,R 
(2465) Zaragoza 2017}) 10. cxd5 Nxd5 11. Nxd5 Qxd5 12. Bxg7 Kxg7 13. Qc3+ Kg8
14. d4 Nd7 15. Rfd1 Rac8 16. Rac1 cxd4 17. Qxd4 Qxd4 18. Nxd4 Nc5 19. Nb5 a5
20. f3 Rfd8 21. Na3 Ne6 22. Rxc8 Bxc8 23. Rxd8+ Nxd8 $14 {Endgame KBN-KBN} 24.
Kf2 Be6 25. Bc4 Bd7 26. Bb5 Be6 (26... Bxb5 $11 27. Nxb5 Nc6) 27. e4 Nb7 28.
Ke3 Kg7 29. Kd4 Kf6 (29... Nd6 $16) 30. Nc4 ({Better is} 30. e5+ $18 Kf5 31.
Nc2) 30... Bxc4 $1 31. e5+ Kf5 32. Bxc4 $16 {KB-KN} (32. bxc4 $16 Nd8 33. g3)
32... e6 $2 (32... Nd8 $11 {and Black has nothing to worry.}) 33. Bd3+ $18 Kg5
34. g3 Nc5 35. Bb5 $2 (35. Be2 $18) 35... h5 $2 (35... Kf5 $16 {was necessary.}
) 36. Be8 f5 37. h4+ Kh6 38. Kc4 g5 (38... Na6 $142 39. Bc6 Nc7) 39. f4 gxf4 $2
(39... g4 40. Bc6 Na6) 40. gxf4 Na6 41. a3 Nc7 42. Bc6 Kg6 43. Bf3 Kg7 44. Bxh5
Nd5 (44... Kh6 $142 45. Bf3 Kg6) 45. Bf3 Nxf4 {[#]} 46. Kb5 $1 Nd3 47. Kxb6
Nxe5 48. Be2 (48. Bd1 $142) 48... f4 49. Kxa5 f3 50. Bd1 $2 (50. Bf1 $18) 50...
f2 $11 {The position is equal.} 51. Be2 {[#] Black must now prevent Kb4.} Nc6+
$1 52. Kb6 Nd4 53. Bf1 {Hoping for b4.} Nxb3 54. a4 Kh6 55. a5 Nxa5 $1 56. Kxa5
Kh5 57. Kb4 Kxh4 58. Kc4 {Precision: White = 63%, Black = 57%.} 1/2-1/2